<?xml version="1.0" encoding="UTF-8"?>
<record
    xmlns:xsi="http://www.w3.org/2001/XMLSchema-instance"
    xsi:schemaLocation="http://www.loc.gov/MARC21/slim http://www.loc.gov/standards/marcxml/schema/MARC21slim.xsd"
    xmlns="http://www.loc.gov/MARC21/slim">

  <leader>01099nam a22002657a 4500</leader>
  <datafield tag="999" ind1=" " ind2=" ">
    <subfield code="c">65958</subfield>
    <subfield code="d">65958</subfield>
  </datafield>
  <controlfield tag="005">20240530110851.0</controlfield>
  <controlfield tag="008">200912s2019    ua a   f b    000 0dara d</controlfield>
  <datafield tag="017" ind1=" " ind2=" ">
    <subfield code="a">2014/25763</subfield>
    <subfield code="b">&#x645;&#x635;&#x631;. &#x62F;&#x627;&#x631; &#x627;&#x644;&#x643;&#x62A;&#x628;</subfield>
  </datafield>
  <datafield tag="020" ind1=" " ind2=" ">
    <subfield code="a">9789779200316</subfield>
  </datafield>
  <datafield tag="040" ind1=" " ind2=" ">
    <subfield code="a">EG-CaGPL</subfield>
    <subfield code="c">EG-CaGPL</subfield>
  </datafield>
  <datafield tag="082" ind1="0" ind2="4">
    <subfield code="2">21</subfield>
    <subfield code="a">809.93358\</subfield>
    <subfield code="b">&#x64A; &#x623;</subfield>
  </datafield>
  <datafield tag="100" ind1="0" ind2=" ">
    <subfield code="a">&#x64A;&#x627;&#x633;&#x631; &#x633;&#x644;&#x64A;&#x645;&#x627;&#x646; </subfield>
  </datafield>
  <datafield tag="245" ind1="1" ind2="2">
    <subfield code="a">&#x627;&#x644;&#x627;&#x62F;&#x628; &#x648;&#x627;&#x644;&#x627;&#x645;&#x629; &#x641;&#x649; &#x627;&#x644;&#x634;&#x631;&#x642; &#x627;&#x644;&#x627;&#x648;&#x633;&#x637; /</subfield>
    <subfield code="c">&#x62A;&#x62D;&#x631;&#x64A;&#x631; &#x64A;&#x627;&#x633;&#x631; &#x633;&#x644;&#x64A;&#x645;&#x627;&#x646; &#x60C; &#x627;&#x628;&#x631;&#x627;&#x647;&#x64A;&#x645; &#x645;&#x647;&#x648;&#x649; &#x61B; &#x62A;&#x631;&#x62C;&#x645;&#x629; &#x647;&#x628;&#x629; &#x627;&#x644;&#x644;&#x647; &#x645;&#x62D;&#x645;&#x648;&#x62F; &#x639;&#x627;&#x631;&#x641; </subfield>
  </datafield>
  <datafield tag="250" ind1=" " ind2=" ">
    <subfield code="a">&#x637;.1</subfield>
  </datafield>
  <datafield tag="260" ind1=" " ind2=" ">
    <subfield code="a">&#x627;&#x644;&#x642;&#x627;&#x647;&#x631;&#x629; : </subfield>
    <subfield code="b">&#x627;&#x644;&#x645;&#x631;&#x643;&#x632; &#x627;&#x644;&#x642;&#x648;&#x645;&#x649; &#x644;&#x644;&#x62A;&#x631;&#x62C;&#x645;&#x629; &#x60C;</subfield>
    <subfield code="c">2019</subfield>
  </datafield>
  <datafield tag="300" ind1=" " ind2=" ">
    <subfield code="a">370 &#x635;. &#x61B;</subfield>
    <subfield code="c">24 &#x633;&#x645;. </subfield>
  </datafield>
  <datafield tag="490" ind1="0" ind2=" ">
    <subfield code="a">&#x627;&#x644;&#x645;&#x631;&#x643;&#x632; &#x627;&#x644;&#x642;&#x648;&#x645;&#x649; &#x644;&#x644;&#x62A;&#x631;&#x62C;&#x645;&#x629; &#x61B;</subfield>
    <subfield code="v">2709</subfield>
  </datafield>
  <datafield tag="504" ind1=" " ind2=" ">
    <subfield code="a">&#x64A;&#x634;&#x62A;&#x645;&#x644; &#x639;&#x644;&#x649; &#x627;&#x631;&#x62C;&#x627;&#x639;&#x627;&#x62A; &#x628;&#x628;&#x644;&#x64A;&#x648;&#x62C;&#x631;&#x627;&#x641;&#x64A;&#x629; </subfield>
  </datafield>
  <datafield tag="650" ind1="0" ind2="7">
    <subfield code="2">qrmak</subfield>
    <subfield code="a">&#x627;&#x644;&#x627;&#x62F;&#x628; &#x648;&#x627;&#x644;&#x62F;&#x648;&#x644;&#x629;</subfield>
  </datafield>
  <datafield tag="650" ind1="0" ind2="7">
    <subfield code="a">&#x627;&#x644;&#x633;&#x64A;&#x627;&#x633;&#x629; &#x648;&#x627;&#x644;&#x627;&#x62F;&#x628; </subfield>
  </datafield>
  <datafield tag="700" ind1="0" ind2=" ">
    <subfield code="a">&#x647;&#x628;&#x629; &#x627;&#x644;&#x644;&#x647; &#x645;&#x62D;&#x645;&#x648;&#x62F; &#x639;&#x627;&#x631;&#x641; </subfield>
    <subfield code="e">&#x645;&#x62A;&#x631;&#x62C;&#x645; </subfield>
  </datafield>
  <datafield tag="700" ind1="0" ind2=" ">
    <subfield code="a">&#x627;&#x628;&#x631;&#x627;&#x647;&#x64A;&#x645; &#x645;&#x647;&#x648;&#x649;</subfield>
    <subfield code="e">&#x645;&#x624;&#x644;&#x641; &#x645;&#x634;&#x627;&#x631;&#x643;</subfield>
  </datafield>
  <datafield tag="942" ind1=" " ind2=" ">
    <subfield code="2">ddc</subfield>
    <subfield code="c">BK</subfield>
  </datafield>
  <datafield tag="952" ind1=" " ind2=" ">
    <subfield code="0">0</subfield>
    <subfield code="1">0</subfield>
    <subfield code="4">0</subfield>
    <subfield code="7">0</subfield>
    <subfield code="a">CAI</subfield>
    <subfield code="b">CAI</subfield>
    <subfield code="c">MAIN-LIBRARY</subfield>
    <subfield code="d">2020-11-29</subfield>
    <subfield code="l">0</subfield>
    <subfield code="o">809.93358\ &#x64A; &#x623;</subfield>
    <subfield code="p">167082</subfield>
    <subfield code="r">2020-11-29 00:00:00</subfield>
    <subfield code="w">2020-11-29</subfield>
    <subfield code="y">BK</subfield>
  </datafield>
</record>
